| 000 | 00941pam a2200301 a 4500 | ||
|---|---|---|---|
| 999 |
_c7113 _d7113 |
||
| 001 | 7113 | ||
| 003 | BD-JhCC | ||
| 005 | 20180205114137.0 | ||
| 008 | 860122s1986 caua b 001 0 eng | ||
| 020 | _a0534056105 | ||
| 035 | _a(BD-JhCC)7113 | ||
| 040 |
_aDLC _cDLC _dDLC _d(BD-JhCC) |
||
| 041 | _aeng | ||
| 050 | 0 | 0 |
_aHA29 _b.C55496 1986 |
| 082 | 0 | 0 |
_a519.5 _219 _bCHR 1986 |
| 100 | 1 |
_aChristensen, Larry B., _d1941- |
|
| 245 | 1 | 0 |
_aIntroduction to statistics for the social and behavioral sciences / _cLarry B. Christensen and Charles M. Stoup. |
| 260 |
_aMonterey, Calif. : _bBrooks/Cole Pub. Co., _cc1986. |
||
| 300 |
_aix, 566 p. : _bill. ; _c24 cm. |
||
| 500 | _aIncludes index. | ||
| 504 | _aBibliography: p. [531]-532. | ||
| 650 | 0 |
_aSocial sciences _xStatistical methods. |
|
| 650 | 0 |
_aPsychology _xStatistical methods. |
|
| 650 | 0 | _aStatistics. | |
| 700 | 1 |
_aStoup, Charles M., _d1952- |
|
| 942 |
_2ddc _cBK |
||